Geography Quiz

Random Geography or City Quiz
Score 0/79 Timer 20:00
0 Plays Today
Cities, Rural Cities, Shires, Borough % Correct
49 - 64City of Melbourne
79.1%
17 - 32City of Greater Geelong
74.4%
17 - 32City of Warrnambool
66.3%
17 - 32City of Greater Bendigo
66.3%
1 - 16Rural City of Mildura
65.1%
33 - 48Rural City of Wangaratta
65.1%
17 - 32City of Greater Shepparton
62.8%
1 - 16City of Ballarat
61.6%
65 - 79City of Greater Dandenong
61.6%
65 - 79City of Frankston
61.6%
49 - 64City of Darebin
59.3%
33 - 48City of Wodonga
58.1%
33 - 48Shire of East Gippsland
57%
49 - 64City of Hobsons Bay
57%
49 - 64City of Yarra
57%
65 - 79City of Knox
57%
65 - 79Shire of Mornington Peninsula
57%
49 - 64City of Hume
55.8%
33 - 48South Gippsland Shire
54.7%
65 - 79City of Monash
54.7%
33 - 48City of Latrobe
53.5%
49 - 64City of Port Phillip
53.5%
65 - 79City of Casey
53.5%
33 - 48Rural City of Benalla
52.3%
65 - 79City of Manningham
52.3%
65 - 79City of Whitehorse
52.3%
49 - 64Shire of Melton
51.2%
49 - 64City of Banyule
51.2%
65 - 79Shire of Yarra Ranges
51.2%
1 - 16Rural City of Swan Hill
50%
1 - 16Rural City of Horsham
50%
49 - 64City of Stonnington
50%
17 - 32Surf Coast Shire
48.8%
65 - 79City of Glen Eira
48.8%
65 - 79City of Bayside
48.8%
49 - 64City of Maribyrnong
47.7%
49 - 64City of Whittlesea
47.7%
49 - 64City of Wyndham
46.5%
49 - 64City of Boroondara
46.5%
33 - 48Bass Coast Shire
45.3%
Cities, Rural Cities, Shires, Borough % Correct
49 - 64City of Brimbank
45.3%
49 - 64City of Moonee Valley
45.3%
65 - 79City of Kingston
45.3%
1 - 16Shire of West Wimmera
44.2%
65 - 79Shire of Cardinia
44.2%
1 - 16Rural City of Ararat
43%
17 - 32Borough of Queenscliffe
43%
33 - 48Shire of Murrindindi
43%
17 - 32Shire of Macedon Ranges
41.9%
33 - 48Alpine Shire
41.9%
17 - 32Shire of Moyne
40.7%
33 - 48Shire of Wellington
40.7%
1 - 16Shire of Southern Grampians
39.5%
17 - 32Shire of Mount Alexander
39.5%
49 - 64City of Moreland
39.5%
1 - 16Shire of Northern Grampians
38.4%
65 - 79Shire of Nillumbik
38.4%
17 - 32Colac Otway Shire
37.2%
33 - 48Shire of Mitchell
37.2%
33 - 48Shire of Mansfield
37.2%
1 - 16Shire of Loddon
36%
33 - 48Shire of Baw Baw
36%
65 - 79City of Maroondah
36%
1 - 16Shire of Central Goldfields
34.9%
33 - 48Shire of Indigo
33.7%
1 - 16Shire of Buloke
32.6%
1 - 16Shire of Glenelg
32.6%
17 - 32Golden Plains Shire
32.6%
1 - 16Pyrenees Shire
31.4%
17 - 32Shire of Moorabool
31.4%
17 - 32Shire of Campaspe
31.4%
17 - 32Shire of Strathbogie
31.4%
33 - 48Shire of Moira
31.4%
1 - 16Shire of Yarriambiack
30.2%
17 - 32Shire of Hepburn
30.2%
17 - 32Corangamite Shire
27.9%
1 - 16Shire of Hindmarsh
26.7%
1 - 16Shire of Gannawarra
25.6%
33 - 48Shire of Towong
25.6%

You're not logged in!

Compare scores with friends on all Sporcle quizzes.
OR
Log In

Sporcle TV

Today on Sporcle TV


Watch our educational content, quiz creation guides, and fun videos on Sporcle TV.

Show Comments

Extras

Top Quizzes Today


Score Distribution

Paid Content

Your Account Isn't Verified!

In order to create a playlist on Sporcle, you need to verify the email address you used during registration. Go to your Sporcle Settings to finish the process.

Report this User

Report this user for behavior that violates our Community Guidelines.

Details: